=LDR 00000nam 2200000 4500 =001 NUTBA000000000004694 =005 20140922134027.0 =006 =007 =008 =020 ##$$a 978-979-27-8015-4 =035 ##$$a 0010-091400000000727 =040 ##$$a Ind =082 ##$$a 650.1 =090 ##$$a 650.1$bJuj k =100 ##$$a Juju, Dominikuis =245 ##$$a Kiat sukses menjadi It freelance$cDominkuis juju =260 ##$$aJakarta$bElex media koputindo$c2010. =300 ##$$a Xi,280 HLm$bIlus$c21 cm. =850 ##$$a NBPDMAT =990 ##$$a 21104052 =990 ##$$a 0001/BPAP-NTB/20142014 =990 ##$$a 00710071 =990 ##$$a 01201900071 =990 ##$$a 0001/BPAP-NTB/20142014